| 000 | 00751nam a2200241 4500 | ||
|---|---|---|---|
| 003 | OSt | ||
| 005 | 20260601170959.0 | ||
| 008 | 260421b1974\\\\enk\||||\||||\00|\0\eng\d | ||
| 040 |
_aICI _bspa _cICI |
||
| 050 |
_aHC106.5 _bG335 1974 |
||
| 100 | 1 |
_aGalbraith, John Kenneth, _d1908-2006, _931124 |
|
| 245 | 1 |
_aThe new industrial state / _cJohn Kenneth Galbraith |
|
| 250 | _a2nd [rev.] ed. | ||
| 264 |
_bPenguin Books, _c1974 _aHormondsworth, Middlesex : |
||
| 300 | _a414 páginas | ||
| 336 |
_atexto _2rdacontent |
||
| 337 |
_asin medio _2rdamedia |
||
| 338 |
_avolumen _2rdacarrier |
||
| 490 | 0 | _aOpen university set books | |
| 650 |
_aPolítica industrial _zEstados Unidos _931125 |
||
| 651 |
_aEstados Unidos _xIndustrias _931126 |
||
| 942 |
_2lcc _cB |
||
| 999 |
_c19987 _d19987 |
||